2 Уральская индустриальная биеннале современного искусства (Запись № 4610636)

Подробности
000 -МАРКЕР
контрольное поле 02051nam0a2200373 4500
001 - ИДЕНТИФИКАТОР ЗАПИСИ
контрольное поле RU\NLR\bibl\2057379
005 - ИДЕНТИФИКАТОР ВЕРСИИ
контрольное поле 20260408111259.0
010 ## - МЕЖДУНАРОДНЫЙ СТАНДАРТНЫЙ НОМЕР КНИГИ (ISBN)
Номер (ISBN) 978-5-7996-0807-1
Тираж 500
021 ## - НОМЕР ГОСУДАРСТВЕННОЙ РЕГИСТРАЦИИ
Код страны российская федерация
Номер 2013-51866
Номер Листа государственной регистраци 3599
021 ## - НОМЕР ГОСУДАРСТВЕННОЙ РЕГИСТРАЦИИ
Код страны российская федерация
Номер 2013-67486
Номер Листа государственной регистраци 4622
035 ## - ДРУГИЕ СИСТЕМНЫЕ НОМЕРА
Идентификатор записи (NLR Aleph) 002044215
100 ## - ДАННЫЕ ОБЩЕЙ ОБРАБОТКИ
Данные общей обработки 20131026d2012 |||y0rusy50 ca
101 0# - ЯЗЫК РЕСУРСА
Язык текста, звукозаписи и т.д. русский
-- английский
102 ## - СТРАНА ПУБЛИКАЦИИ ИЛИ ПРОИЗВОДСТВА
Страна публикации российская федерация
105 ## - ПОЛЕ КОДИРОВАННЫХ ДАННЫХ: ТЕКСТОВЫЕ МАТЕРИАЛЫ, МОНОГРАФИЧЕСКИЕ
Кодированные данные о монографическом текстовом документе a||||||||||||
200 1# - ЗАГЛАВИЕ И СВЕДЕНИЯ ОБ ОТВЕТСТВЕННОСТИ
Основное заглавие 2 Уральская индустриальная биеннале современного искусства
Параллельное заглавие 2nd Ural industrial biennial of contemporary art
Сведения, относящиеся к заглавию дайджест интеллектуальной платформы
Первые сведения об ответственности [ред.: Алиса Прудникова и др.]
Язык параллельного заглавия английский
210 ## - ПУБЛИКАЦИЯ, РАСПРОСТРАНЕНИЕ И ДР.
Место издания, распространения и т.д. Екатеринбург
Имя издателя, распространителя и т. д. Уральский филиал Государственного центра современного искусства
Дата издания, распространения и т.д. 2012
215 ## - ФИЗИЧЕСКАЯ ХАРАКТЕРИСТИКА
Специфическое обозначение материала и объем 163 с.
Другие сведения о физической характеристике ил.
Размеры 29
300 ## - ОБЩИЕ ПРИМЕЧАНИЯ
Текст примечания На 3-й с. в надзаг.: М-во культуры Рос. Федерации, Гос. центр соврем. искусства (ГЦСИ), Урал. фил.
300 ## - ОБЩИЕ ПРИМЕЧАНИЯ
Текст примечания Текст парал. на рус. и англ. яз.
320 ## - ПРИМЕЧАНИЯ О НАЛИЧИИ В ДОКУМЕНТЕ БИБЛИОГРАФИИ / УКАЗАТЕЛЯ
Текст примечания Библиогр. в подстроч. примеч.
510 1# - ПАРАЛЛЕЛЬНОЕ ЗАГЛАВИЕ
Связь между полями z01791
Параллельное заглавие 2nd Ural industrial biennial of contemporary art
Сведения, относящиеся к заглавию digest of intellectual platform
Язык заглавия английский
606 1# - НАИМЕНОВАНИЕ ТЕМЫ КАК ПРЕДМЕТ
Наименование темы Искусство
Тематический подзаголовок Выставки
Географический подзаголовок Екатеринбург, город
Хронологический подзаголовок 21 в.
-- 2012
Системный номер авторитетной/нормативной записи 2206907
Идентификатор авторитетной/нормативной записи RU\NLR\AUTH\6601560238
686 1# - ИНДЕКСЫ ДРУГИХ КЛАССИФИКАЦИЙ
Индекс Щ03(0)6
702 #1 - ИМЯ ЛИЦА - ВТОРИЧНАЯ ОТВЕТСТВЕННОСТЬ
Начальный элемент ввода Прудникова
Часть имени, кроме начального элемента ввода А.
Расширение инициалов личного имени Алиса
Код отношения Редактор
710 12 - НАИМЕНОВАНИЕ ОРГАНИЗАЦИИ - ПЕРВИЧНАЯ ОТВЕТСТВЕННОСТЬ
Код отношения Прочие
Начальный элемент ввода Уральская индустриальная биеннале современного искусства
Порядковый номер временной организации и / или порядковый номер ее части 2
Дата проведения временной организации 2012
Место проведения временной организации Екатеринбург
Идентификатор авторитетной/нормативной записи RU\NLR\AUTH\8810248195
Системный номер авторитетной/нормативной записи 381918
791 12 - НАИМЕНОВАНИЕ ОРГАНИЗАЦИИ - АЛЬТЕРНАТИВНАЯ ФОРМА
Материалы, к которым относится поле eng
Начальный элемент ввода Ural industrial biennial of contemporary art
Порядковый номер временной организации и / или порядковый номер ее части 2
Дата проведения временной организации 2012
Место проведения временной организации Ekaterinburg
Графика поля Латинская
Идентификатор авторитетной/нормативной записи RU\NLR\AUTH\8810248196
Системный номер авторитетной/нормативной записи 381920
801 #0 - ИСТОЧНИК ЗАПИСИ
Страна российская федерация
Организация NLR
Дата составления 20130726
Правила каталогизации RCR
801 #1 - ИСТОЧНИК ЗАПИСИ
Страна российская федерация
Организация NLR
Дата составления 20130726
942 ## - ДОПОЛНИТЕЛЬНЫЕ ЭЛЕМЕНТЫ ЗАПИСИ (АБИС)
Тип экземпляра АБИС Книга
980 ## - КОЛЛЕКЦИЯ
Название коллекции Национальная библиография
Экземпляры
Тип экземпляра Дата поступления Источник поступления Библиотека постоянного хранения Библиотека текущего хранения Место хранения Шифр хранения Штрих-код Статус не для выдачи
Книга 26.07.2013 Обязательный экземпляр РНБ (Московский) РНБ (Московский) Русский книжный фонд: издания с 1957 года, 8этаж 2013-8/2194 1-80626  
Книга 26.07.2013 Обязательный экземпляр РНБ (Московский) РНБ (Московский) Русский книжный фонд: издания с 1957 года, 8этаж 2013-8/2194 3928399  
Книга 01.10.2013 Обязательный экземпляр РНБ (Московский) РНБ (Московский) Обменный фонд   3964061